| 000 | 00774nam a2200229Ia 4500 | ||
|---|---|---|---|
| 003 | GCL | ||
| 008 | 140319s9999 xx 000 0 ara d | ||
| 020 | _a6315305977 | ||
| 040 |
_aGCL / _cGCL |
||
| 082 | 0 | 4 |
_a791.43 _bم ج |
| 100 | 1 | _aمحمد دياب | |
| 245 | 1 | 0 |
_aجميلة الجميلات ليلى فوزى / _cمحمد دياب |
| 250 | _aالاولى | ||
| 260 |
_aالقاهرة : _bوزارة الثقافة - صندوق التنمية الثقافية ، _c2001 |
||
| 300 |
_a170سم ؛ _c20سم |
||
| 650 | 0 | 4 | _aالسينما |
| 650 | 0 | 4 | _aالسينما - تراجم |
| 650 | 0 | 4 | _aالممثلون والممثلات المصريون |
| 650 | 0 | 4 | _aالممثلون والممثلات فى الفن |
| 650 | 0 | 4 | _aليلى فوزى |
| 942 |
_2ddc _cBK |
||
| 999 |
_c7800 _d7800 |
||